States with a UFL Team - Statistics

General Stats
  • This quiz has been taken 37 times
  • The average score is 4 of 5
Answers on the Map
Answers color-coded by a green-red scale on the quiz's map according to % correct below.
 
Answer Stats
State % Correct
Texas
91%
Alabama
74%
Michigan
74%
Missouri
74%
Tennessee
52%
No matching quizzes found
Score Distribution
Percent of People with Each Score
Percentile by Number Answered
Your Score History
You have not taken this quiz